Délit de faciès : de gauche ou de droite ? - Statistiques

Statistiques générales
  • Ce quiz a été pris 128 fois
  • Le résultat moyen est 13 sur 16
Statistiques - réponses
Par images Réponse % Correct
gauche
99%
droite
98%
gauche
98%
droite
97%
droite
97%
gauche
95%
gauche
91%
gauche
90%
gauche
86%
droite
83%
gauche
78%
droite
68%
droite
63%
droite
59%
gauche
51%
droite
49%
Aucun quiz correspondant
Distribution des résultats
% des personnes avec chaque résultat
Percentile par nombre de réponses
Votre historique - résultats
Vous n’avez pas pris ce quiz